000 00895cam a2200277 a 4500
999 _c330706
_d330706
001 12518183
003 NUST
005 20180116124925.0
008 010606s2001 pk 000 0 eng
010 _a 2001300010
020 _a9693511174
025 _aP-E-2001300010; 07
035 _a(DLC) 200130001
040 _aDLC
_cDLC
042 _alcode
043 _aa-ii---
050 0 0 _aDS458.L79
_bG39 2001
082 _a954.552
_bGAZ
245 0 0 _aGazetteer of the Ludhiana district, 1888-89.
260 _aLahore :
_bSang-e-Meel Publications,
_c2001.
300 _axi, 230, xxv p. ;
_c25 cm.
500 _aOriginally published: [Lahore] : Panjab Govt.
651 0 _aLudhiana (India : District)
_93674
906 _a7
_bcbc
_corigode
_d2
_encip
_f20
_gy-gencatlg
942 _2ddc
_cBK